FC Barcelona Squad 2018-2019 - Statistics

General Stats
  • This quiz has been taken 195 times
  • The average score is 19 of 27
Answer Stats
# Position Nation Player % Correct
10 FW Argentina Lionel Messi
98%
9 FW Uruguay Luis Suárez
98%
1 GK Germany Marc-André ter Stegen
98%
6 MF Spain Denis Suárez
96%
3 DF Spain Gerard Piqué
96%
4 MF Croatia Ivan Rakitić
96%
5 MF Spain Sergio Busquets
94%
11 FW France Ousmane Dembélé
91%
2 DF Portugal Nélson Semedo
88%
23 DF France Samuel Umtiti
88%
7 MF Brazil Philippe Coutinho
86%
22 MF Chile Arturo Vidal
83%
18 DF Spain Jordi Alba
81%
15 DF France Clément Lenglet
79%
13 GK Netherlands Jasper Cillessen
79%
8 MF Brazil Arthur
68%
- Coach Spain Ernesto Valverde
67%
20 DF Spain Sergi Roberto
67%
24 DF Belgium Thomas Vermaelen
63%
12 MF Brazil Rafinha Alcántara
56%
14 FW Brazil Malcom
55%
19 FW Morocco Munir El Haddadi
42%
19 FW Ghana Kevin-Prince Boateng
40%
21 MF Spain Carles Aleñá
34%
6 DF France Jean-Clair Todibo
33%
17 DF Colombia Jeison Murillo
29%
16 MF Spain Sergi Samper
13%
No matching quizzes found
Score Distribution
Percent of People with Each Score
Percentile by Number Answered
Your Score History
You have not taken this quiz